000 00795cab a2200253 4500
001 WB3344-58
008 090401t1997 xxu||||| |||| 00| 0 eng d
035 _a(Sirsi) u82102
041 _aeng
245 _aRight to veto new homes sought
260 _c1997
350 _a0
490 _aDaily Telegraph
_v14 November 1997, 19(1)
520 _aWater companies have stated they cannot supply all the 4.4m new homes to be built over the next 20 years because too many homes are to be built in areas with water shortages.
650 _aNEW HOMES
650 _aPROJECTIONS
650 _aWATER COMPANIES
650 _aPROPERTY-RURAL AND NATURAL ASSETS-WATER RESOURCES
650 _aWATER SHORTAGES
650 _aWATER SUPPLY
690 _aWATER
942 _n0
948 _c14/11/1997
999 _c51790
_d51790